| 000 | 02474cam a2200361 a 4500 | ||
|---|---|---|---|
| 001 | 15166218 | ||
| 005 | 20081016111114.0 | ||
| 008 | 080204s2007 enk b 001 0 eng d | ||
| 010 | _a 2008271053 | ||
| 020 | _a9780521699426 (pbk.) | ||
| 035 | _a(OCoLC)ocn144228600 | ||
| 040 |
_aBTCTA _cBTCTA _dBAKER _dYDXCP _dSUC _dIXA _dVVC _dDLC |
||
| 042 | _alccopycat | ||
| 050 | 0 | 0 |
_aJZ4850 _b.C73 2007 |
| 082 |
_222 _a327.116 _bCRA |
||
| 245 | 0 | 0 |
_aCrafting Cooperation : _bRegional International Institutions in Comparative Perspective / _cEdited by Amitav Acharya and Alastair Iain Johnston. |
| 260 |
_aCambridge ; _aNew York : _bCambridge University Press, _c2007. |
||
| 300 |
_axii, 318 p. ; _c24 cm. |
||
| 504 | _aIncludes bibliographical references (p. 279-302) and index. | ||
| 505 | 0 | _aComparing regional institutions: an introduction / Amitav Acharya and Alastair Iain Johnston -- Hanging together, institutional design and cooperation in Southeast Asia: AFTA and the ARF / Yuen Foong Khong and Helen E.S. Nesadurai -- International cooperation in Latin America: the design of regional institutions by slow accretion / Jorge I. Dominguez -- Crafting regional cooperation in Africa / Jeffrey Herbst -- Functional form, identity-driven cooperation: institutional designs and effects in post-Cold War NATO / Frank Schimmelfennig -- Designed to fail or failure of design? The origins and legacy of the Arab League / Michael Barnett and Etel Solingen -- Social mechanisms and regional cooperation: are Europe and the EU really all that different? / Jeffrey T. Checkel. | |
| 650 | 0 |
_aInternational agencies. _99328 |
|
| 650 | 0 |
_aRegionalism (International organization) _99329 |
|
| 650 | 0 |
_aIntergovernmental cooperation. _99330 |
|
| 700 | 1 |
_aAcharya, Amitav. _99331 |
|
| 700 | 1 |
_aJohnston, Alastair I. _99332 |
|
| 856 | 4 | 1 |
_3Table of contents _uhttp://www.loc.gov/catdir/toc/fy0804/2008271053.html |
| 856 | 4 | 2 |
_3Contributor biographical information _uhttp://www.loc.gov/catdir/enhancements/fy0810/2008271053-b.html |
| 856 | 4 | 2 |
_3Publisher description _uhttp://www.loc.gov/catdir/enhancements/fy0810/2008271053-d.html |
| 942 |
_2ddc _cBB |
||
| 999 |
_c12901 _d12901 |
||